00499nam a2200193 a 4500001001300000003000900013005001700022008004100039020002300080082001400103100002500117245002300142260003800165300000900203500003500212505001000247650002300257700002500280nice12345678IN_TiNIC20260116013842.0050524s1997 dela grp 000 0 eng  a8120728 c30000a297bKHA3 aKhan, Mohammad Ishaq aExperiencing Islam aDelhibSterling Publishers c1997 a182p aincludes index and biblioraphy2 aIndex aIslam-Meccan Trade1 aKhan, Mohammad Ishaq